Introducción a la computación para ingenieros
Zapisane w:
| Główni autorzy: | , |
|---|---|
| Format: | Książka |
| Język: | hiszpański |
| Wydane: |
Ciudad de México
McGraw-Hill
1989
|
| Hasła przedmiotowe: | |
| Etykiety: |
Dodaj etykietę
Nie ma etykietki, Dołącz pierwszą etykiete!
|
MARC
| LEADER | 00000nam a2200000 a 4500 | ||
|---|---|---|---|
| 001 | UCV3657 | ||
| 003 | CL-VaPUC | ||
| 008 | 900112e19890000MX |||||||||||||||||spa|d | ||
| 082 | 0 | 4 | |a 004 |b CHA |2 21 |
| 100 | 0 | |a Chapra, Steven C |e author |9 297933 | |
| 700 | 0 | |a Canale, Raymond P |e author |9 297934 | |
| 245 | 1 | 0 | |a Introducción a la computación para ingenieros |
| 300 | |a 739 p | ||
| 942 | |c BK | ||
| 945 | |d 19900112 00:00:00 |a mfernand | ||
| 260 | |a Ciudad de México |b McGraw-Hill |c 1989 | ||
| 650 | 0 | |a Procesamiento electrónico de datos |9 259457 | |
| 650 | 0 | |a Lenguajes de programación |9 259458 | |
| 650 | 7 | |a COMPUTADORES ELECTRONICOS DIGITALES |2 CL-VaPUC |9 259415 | |
| 650 | 0 | |a Programación |9 259316 | |
| 583 | |a last modification |c 20190713 21:44:42 |k Rodrigo Vera | ||
| 999 | |c 210804 |d 210802 | ||
| 952 | |0 0 |1 0 |4 0 |6 004_000000000000000_CHA_1989 |7 0 |8 A |9 187616 |a BIBALI |b BIBALI |c GEN |d 2019-11-14 |i 2552132 |o 004 CHA 1989 |p 2552132 |r 2025-01-20 |w 2019-11-14 |y BK |k ALI | ||